Geological journeys in southern California, (Record no. 27116)

MARC details
000 -LEADER
fixed length control field 00807cam a22002411 4500
001 - CONTROL NUMBER
control field gs 34000185
003 - CONTROL NUMBER IDENTIFIER
control field DLC
005 - DATE AND TIME OF LATEST TRANSACTION
control field 20260227111338.0
008 - FIXED-LENGTH DATA ELEMENTS--GENERAL INFORMATION
fixed length control field 790324s1933 xx ab 000 0 eng
010 ## - LIBRARY OF CONGRESS CONTROL NUMBER
LC control number gs 34000185
035 ## - SYSTEM CONTROL NUMBER
System control number (OCoLC)4774482
040 ## - CATALOGING SOURCE
Original cataloging agency DLC
Transcribing agency TxHU
Modifying agency DLC
042 ## - AUTHENTICATION CODE
Authentication code premarc
050 00 - LIBRARY OF CONGRESS CALL NUMBER
Classification number QE89
Item number .L5
100 1# - MAIN ENTRY--PERSONAL NAME
Personal name Livingston, Alfred.
245 10 - TITLE STATEMENT
Title Geological journeys in southern California,
Statement of responsibility, etc. by Alfred Livingston, Jr. [and] William C. Putnam.
260 ## - PUBLICATION, DISTRIBUTION, ETC.
Place of publication, distribution, etc. Los Angeles,
Date of publication, distribution, etc. 1933.
300 ## - PHYSICAL DESCRIPTION
Extent 104 p.
Other physical details illus., maps.
Dimensions 23 cm.
490 0# - SERIES STATEMENT
Series statement Los Angeles Junior College. Publication
Volume/sequential designation no. 1, Geology ser. no. 1, January 30, 1933
504 ## - BIBLIOGRAPHY, ETC. NOTE
Bibliography, etc. note Includes bibliographies.
650 #0 - SUBJECT ADDED ENTRY--TOPICAL TERM
Topical term or geographic name entry element Geology
Geographic subdivision California, Southern.
700 1# - ADDED ENTRY--PERSONAL NAME
Personal name Putnam, William Clement,
Dates associated with a name 1908-1963,
Relator term joint author.

No items available.

Powered by Koha